| 000 | 01031nam a2200241 i 4500 | ||
|---|---|---|---|
| 001 | 147493 | ||
| 003 | ES-MaACL | ||
| 005 | 20250811090118.0 | ||
| 007 | t| | ||
| 008 | 071001s1946 sp ||||1| spa d | ||
| 080 | _a34(37)(0092) | ||
| 100 | 1 |
_aUlpiano, Domicio. _9111953 |
|
| 245 | 1 | 0 |
_aReglas de Ulpiano / _cDomicio Ulpiano ; texto latino con una traducción de Francisco Hernández Tejero. |
| 260 |
_aMadrid : _bMinisterio de Justicia y Consejo Superior de Investigaciones Científicas, _c1946. |
||
| 300 |
_aXXI, 66 p. ; _c18 cm. |
||
| 490 | 1 | _aPublicaciones del Instituto Nacional de Estudios Jurídicos. Serie 5ª. Textos Jurídicos Antiguos | |
| 700 | 1 |
_aHernández Tejero, Francisco. _963061 |
|
| 710 | 1 |
_aEspaña. _bMinisterio de Justicia _93895 |
|
| 710 | 2 |
_aInstituto Nacional de Estudios Jurídicos (España) _95163 |
|
| 830 | 0 |
_aPublicaciones del Instituto Nacional de Estudios Jurídicos. Serie 5ª. Textos Jurídicos Antiguos _9220933 |
|
| 852 |
_aES-MaACL _jC-4564 _bR.25047 |
||
| 999 |
_c147493 _d147493 |
||